| 000 | 00776pam a2200313 a 4500 | ||
|---|---|---|---|
| 001 | 26636 | ||
| 003 | DO-SdBNP | ||
| 005 | 20180222141156.0 | ||
| 007 | 26636 | ||
| 008 | 941104s1995 xxu a j 000 1 eng | ||
| 010 | _a | ||
| 020 | _a0590934252 | ||
| 040 |
_aBPMSU _bspa _cBPMSU |
||
| 050 | 0 | 0 |
_a _b |
| 082 | 0 | 0 |
_a _2 |
| 100 | 1 |
_aDanziger, Paula, _d1944- |
|
| 245 | 1 | 0 |
_aAmber Brown goes fourth / _cPaula Danziger ; illustrated by Tony Ross. |
| 260 |
_aNew York : _bPutnam's Sons, _c1995. |
||
| 300 |
_a101 p. : _bil ; _c23 cm. |
||
| 520 | _a | ||
| 650 |
_a _x |
||
| 650 |
_a _x |
||
| 650 |
_a _x |
||
| 700 | 1 | 2 |
_aRoss, Tony, _eil. |
| 942 |
_2ddc _cBK |
||
| 945 | _aInventariado, 2018 /LP | ||
| 956 |
_aVMATEO _310 _620160330 _8BPMSU |
||
| 999 |
_c9451 _d9451 |
||